| 000 | 00636nam a2200193 4500 | ||
|---|---|---|---|
| 001 | 131085 | ||
| 003 | ES-MaACL | ||
| 005 | 20230906193919.0 | ||
| 007 | t| | ||
| 008 | 070214s1972 sp r ||||1| spa d | ||
| 100 | 1 |
_aRoberts, Martin. _997839 |
|
| 245 | 1 | 0 |
_aVideocassettes : _blos sistemas, el mercado, el futuro / _cMartin Roberts ; [traducción de Miguel y Enrique Paredes]. |
| 260 |
_aSalamanca : _bAnaya, _c1972. |
||
| 300 |
_a142 p. : _bil. ; _c17 cm. |
||
| 650 | 4 |
_aGrabaciones en vídeo. _9171976 |
|
| 700 | 1 |
_aParedes Larrucea, Miguel. _989050 |
|
| 700 | 1 |
_aParedes Larrucea, Enrique. _989048 |
|
| 852 |
_aES-MaACL _jC-45507 |
||
| 999 |
_c131085 _d131085 |
||